书目信息 |
| 题名: |
精通Visual C++.net图像处理编程
|
|
| 作者: | 周长发 编著 | |
| 分册: | ||
| 出版信息: | 北京 电子工业出版社 2002.04 |
|
| 页数: | 620页 | |
| 开本: | 26cm | |
| 丛书名: | ||
| 单 册: | ||
| 中图分类: | TP312 | |
| 科图分类: | ||
| 主题词: | 软件 | |
| 电子资源: | ||
| ISBN: | 7-5053-7418-4 | |
| 000 | 00588nam0 2200193 45 | |
| 001 | 0258989481 | |
| 005 | 2002051716230948 | |
| 010 | @a7-5053-7418-4@dRMB 58.00 | |
| 100 | @a20020517d2002 km y0chiy0120 ea | |
| 101 | 0 | @achi |
| 102 | @aCN@b110000 | |
| 200 | 1 | @a精通Visual C++.net图像处理编程@Ajing tong Visual C++.net tu xiang chu li bian cheng@f周长发编著@FZhou Chang Fa Bian Zhu |
| 210 | @a北京@c电子工业出版社@d2002.04 | |
| 215 | @a620页@d26cm | |
| 606 | 0 | @a软件 |
| 690 | @aTP312@v3 | |
| 701 | 0 | @a周长发@AZhou Chang Fa@4编著 |
| 801 | 0 | @aCN@bPFT@c20020517 |
| 905 | @a10447@dTP312@eZ751 | |
| 精通Visual C++.net图像处理编程/周长发编著.-北京:电子工业出版社,2002.04 |
| 620页;26cm |
| ISBN 7-5053-7418-4:RMB 58.00 |
| ● |
| 相关链接 |
|
|
|
正题名:精通Visual C++.net图像处理编程
索取号:TP312/Z751
 
预约/预借
| 序号 | 登录号 | 条形码 | 馆藏地/架位号 | 状态 | 备注 |
| 1 | 354743 | 203547439 | 自科库301/301自科库 83排1列3层/ [索取号:TP312/Z751] | 在馆 | |
| 2 | 354744 | 203547448 | 自科库301/301自科库 83排1列3层/ [索取号:TP312/Z751] | 在馆 |